|
|
|
|
| LEADER |
01258cam a2200313 7i4500 |
| 001 |
0000023760 |
| 005 |
20091027090000.0 |
| 020 |
0 |
0 |
|a 978-1-58-239-015-4
|
| 090 |
0 |
0 |
|a I 004.6025
|b INT
|
| 245 |
0 |
0 |
|a The International directory of importers :
|b worldwide electronic & computer components & parts importing firms 2009.
|
| 250 |
0 |
0 |
|a 2009 ed.
|
| 260 |
0 |
0 |
|a Poulsbo,WA:
|b Interdata,
|c 2009.
|
| 300 |
# |
# |
|a 601 p.
|
| 650 |
0 |
0 |
|a Imports --
|x Directories
|
| 650 |
0 |
0 |
|a Electronic --
|x Computer & parts --
|x Imports --
|x Directories
|
| 650 |
0 |
0 |
|a Computer --
|x Equipment and supplies --
|x Imports --
|x Directories
|
| 651 |
0 |
0 |
|a Asia Pacific
|
| 651 |
0 |
0 |
|a Europe
|
| 651 |
0 |
0 |
|a South America
|
| 651 |
0 |
0 |
|a Central America
|
| 651 |
0 |
0 |
|a Africa
|
| 651 |
0 |
0 |
|a North America
|
| 651 |
0 |
0 |
|a West Asia
|
| 999 |
|
|
|a JHR000170B
|b Directories
|c International
|e MATRADE Southern Regional Office
|
| 999 |
|
|
|a B000025641
|b Directories
|c International
|e Business Information Centre
|
| 999 |
|
|
|a PNG000877B
|b Directories
|c International
|e MATRADE Northern Regional Office
|
| 999 |
|
|
|a SBH000847B
|b Directories
|c International
|e MATRADE Sabah
|
| 999 |
|
|
|a SBH000848B
|b Directories
|c International
|e MATRADE Sabah
|
| 999 |
|
|
|a SRW000274B
|b Directories
|c International
|e MATRADE Sarawak
|